The New Testament of our Lord and Sauiour Iesus Christ /

Bibliographic Details
Uniform Title:Bible.
Format: eBook
Language:English
Published: Imprinted at London : By Bonham Norton and Iohn Bill, deputies and assignes of Robert Barker ..., 1618.
Series:Early English books online.
Online Access:Connect to the full text of this electronic book

MARC

Tag First Indicator Second Indicator Subfields
LEADER 00000nam a2200000Ia 4500
001 in00004207113
005 20200806091443.0
006 m g d
007 cr bn |||a|bb|
008 910321s1618 enk o 00| | eng d
035 |a (OCoLC)23277409 
040 |a EBL  |c EBL  |d WaOLN 
037 |a CL0036000054  |b ProQuest. 789 E. Eisenhower Parkway, Ann Arbor, MI 48108-3218 
090 |a BS2085 1618  |b .L66 
049 |a UMIA 
130 0 |a Bible.  |p N.T.  |l English.  |s Authorized.  |f 1618. 
245 1 4 |a The New Testament of our Lord and Sauiour Iesus Christ /  |c newly translated out of the origina[l] ... ; by His Maiesties speciall commandement. 
260 |a Imprinted at London :  |b By Bonham Norton and Iohn Bill, deputies and assignes of Robert Barker ...,  |c 1618. 
300 |a 1 online resource ([528] pages) 
336 |a text  |b txt  |2 rdacontent 
337 |a computer  |b c  |2 rdamedia 
338 |a online resource  |b cr  |2 rdacarrier 
500 |a "Cum priuilegio." 
500 |a Signatures: A-Y¹². 
500 |a Imperfect: stained and tightly bound with slight loss of printing. 
500 |a Reproduction of original in the Harvard University. Library. 
510 4 |a STC (2nd edition)  |c 2918.5 
533 |a Electronic reproduction.  |b Ann Arbor, Mich. :  |c UMI,  |d 1999-  |f (Early English books online)  |n Digital version of: (Early English books, 1475-1640 ; 1810:8)  |7 s1999 miun s 
830 0 |a Early English books online. 
856 4 0 |u http://proxy.library.tamu.edu/login?url=https://search.proquest.com/docview/2240906224  |z Connect to the full text of this electronic book  |t 0 
999 f f |s c17fa267-b341-3b91-97ce-e53d8a37d95d  |i efd4b748-5f6b-3b9a-aeca-5939a50161dd  |t 0 
952 f f |a Texas A&M University  |b College Station  |c Electronic Resources  |d Available Online  |t 0  |e BS2085 1618 .L66  |h Library of Congress classification 
998 f f |a BS2085 1618 .L66  |t 0  |l Available Online